| 000 | 00436nam a22001697a 4500 | ||
|---|---|---|---|
| 003 | OSt | ||
| 005 | 20160727095907.0 | ||
| 008 | 160727b xxu||||| |||| 00| 0 eng d | ||
| 020 | _a0131523686 | ||
| 040 | _cNA | ||
| 050 | _aPE 1439.W55 2009 | ||
| 100 | _aAnthony C. Winkler | ||
| 245 |
_aWriting Talk _bParagraphs and Short Essays with Readings |
||
| 250 | _a4th ed | ||
| 260 |
_aNew Jersey _bPrentice Hall _c2006 |
||
| 942 |
_2lcc _cBK |
||
| 999 |
_c254821 _d254820 |
||